000 00201nam a2200085Ia 4500
008 120527s9999 xx 000 0 und d
100 _aHenshin, M. James
245 _aEssentials of sociology
942 _cBK
999 _c27738
_d27738